| 000 -LEADER |
| fixed length control field |
00826nam a2200241Ia 4500 |
| 001 - CONTROL NUMBER |
| control field |
7726 |
| 003 - CONTROL NUMBER IDENTIFIER |
| control field |
GE_BSU |
| 005 - DATE AND TIME OF LATEST TRANSACTION |
| control field |
20221116113049.0 |
| 008 - FIXED-LENGTH DATA ELEMENTS--GENERAL INFORMATION |
| fixed length control field |
181216s2006en xx |||||||||||||| ||eng|| |
| 020 ## - INTERNATIONAL STANDARD BOOK NUMBER |
| International Standard Book Number |
9781852339401.x |
| 040 ## - CATALOGING SOURCE |
| Transcribing agency |
GE_BSU |
| 080 ## - UNIVERSAL DECIMAL CLASSIFICATION NUMBER |
| Universal Decimal Classification number |
517.2/3 H-68 |
| 100 ## - MAIN ENTRY--PERSONAL NAME |
| Personal name |
Hirst,Keith E. |
| 9 (RLIN) |
14705 |
| 245 ## - TITLE STATEMENT |
| Title |
Calculus of One Variable / |
| Statement of responsibility, etc. |
Keith E. Hirst, Advisory Board: M.A.J.Chaplain, K.Erdmann, and other. |
| 264 ## - PRODUCTION, PUBLICATION, DISTRIBUTION, MANUFACTURE, AND COPYRIGHT NOTICE |
| Place of production, publication, distribution, manufacture |
London. |
| Name of producer, publisher, distributor, manufacturer |
Springer, |
| Date of production, publication, distribution, manufacture, or copyright notice |
2006. |
| 300 ## - PHYSICAL DESCRIPTION |
| Extent |
267 p; |
| Dimensions |
23 cm. |
| 440 ## - SERIES STATEMENT/ADDED ENTRY--TITLE |
| Title |
Springer Undergraduate Mathematics Series: ISSN 1615-2085. |
| 9 (RLIN) |
14670 |
| 653 ## - INDEX TERM--UNCONTROLLED |
| keyword |
Calculus of One Variable. |
| 653 ## - INDEX TERM--UNCONTROLLED |
| keyword |
ერთი ცვლადის გაანგარიშება. |
| 700 ## - ADDED ENTRY--PERSONAL NAME |
| Personal name |
Chaplain, M.A.J |
| Relator term |
Advisory Board |
| 9 (RLIN) |
14672 |
| 700 ## - ADDED ENTRY--PERSONAL NAME |
| Personal name |
Erdmann, ,K |
| Relator term |
Advisory Board |
| 9 (RLIN) |
14673 |
| 942 ## - ADDED ENTRY ELEMENTS (KOHA) |
| Koha item type |
წიგნი |
| Source of classification or shelving scheme |
|